Dictionary of education (Record no. 1439375)

MARC details
000 -LEADER
fixed length control field 00441nam a2200169Ia 4500
005 - DATE AND TIME OF LATEST TRANSACTION
control field 20250923144456.0
008 - FIXED-LENGTH DATA ELEMENTS--GENERAL INFORMATION
fixed length control field 008 250917s9999 xx 000 0 eng d
037 ## - SOURCE OF ACQUISITION
Stock number Reference
040 ## - CATALOGING SOURCE
Original cataloging agency DSWL
Language of cataloging eng
Transcribing agency DSWL
041 ## - LANGUAGE CODE
Language code of text/sound track or separate title eng
Source of code eng
084 ## - COLON CLASSIFICATION NUMBER
Assigning agency DSWL
245 #0 - TITLE STATEMENT
Title Dictionary of education
Statement of responsibility, etc. Ed. by Carler.v Good
260 ## - PUBLICATION, DISTRIBUTION, ETC.
Name of publisher, distributor, etc. Mc graw-Hill Book Company
Date of publication, distribution, etc. 1945
300 ## - PHYSICAL DESCRIPTION
Extent xxxix,495p.
942 ## - ADDED ENTRY ELEMENTS (KOHA)
Koha item type Reference
Holdings
Withdrawn status Lost status Damaged status Not for loan Home library Current library Date acquired Total Checkouts Barcode Date last seen Price effective from Koha item type
        Department of Social Work Library Department of Social Work Library 2025-09-23   SW0003535 2025-09-23 2025-09-23 Reference
Copyright @ Delhi University Library System